[Event "DEM U16w 2020"]
[Site "Willingen GER"]
[Date "2020.10.24"]
[Round "7"]
[White "Jacoby, Angelina"]
[Black "Doll, Rebecca"]
[Result "1/2-1/2"]
[Termination "normal"]
[Board "8"]
[WhiteElo "1630"]
[BlackElo "1808"]
[WhiteClock "00:00:47"]
[BlackClock "00:03:24"]
[PlyCount "153"]
[WhiteFideId "12999008"]
[BlackFideId "16236890"]
[EventCountry "GER"]
[EventRounds "7"]
[EventType "swiss"]
[EventDate "2020.10.19"]

1. d4 {[%clk 1:30:43]} d5 {[%clk 1:30:56]} 2. Bf4 {[%clk 1:31:02]} Nf6 {[%clk
1:31:00]} 3. e3 {[%clk 1:30:48]} e6 {[%clk 1:31:24]} 4. Nf3 {[%clk 1:31:05]} c5
{[%clk 1:31:40]} 5. c3 {[%clk 1:30:28]} Nc6 {[%clk 1:32:05]} 6. Nbd2 {[%clk
1:29:33]} cxd4 {[%clk 1:32:07]} 7. exd4 {[%clk 1:27:58]} Nh5 {[%clk 1:32:01]}
8. Bg5 {[%clk 1:26:45]} f6 {[%clk 1:30:36]} 9. Bh4 {[%clk 1:25:34]} Be7 {[%clk
1:28:19]} 10. Be2 {[%clk 1:18:34]} Nf4 {[%clk 1:24:02]} 11. O-O {[%clk
1:18:27]} O-O {[%clk 1:22:25]} 12. Ne1 {[%clk 1:15:05]} e5 {[%clk 1:17:02]} 13.
dxe5 {[%clk 1:07:41]} fxe5 {[%clk 1:15:53]} 14. Bg3 {[%clk 1:04:23]} Nxe2+
{[%clk 1:03:42]} 15. Qxe2 {[%clk 1:04:35]} Bd6 {[%clk 1:02:14]} 16. Nb3 {[%clk
0:59:37]} Qf6 {[%clk 0:56:49]} 17. Rd1 {[%clk 0:55:06]} Be6 {[%clk 0:54:13]}
18. Qb5 {[%clk 0:48:09]} Qf7 {[%clk 0:43:29]} 19. Nc5 {[%clk 0:44:47]} a6
{[%clk 0:38:09]} 20. Qb6 {[%clk 0:37:18]} Bc8 {[%clk 0:33:28]} 21. Ned3 {[%clk
0:33:17]} Bc7 {[%clk 0:31:29]} 22. Qb3 {[%clk 0:33:16]} b6 {[%clk 0:30:04]} 23.
Na4 {[%clk 0:32:12]} Be6 {[%clk 0:29:04]} 24. Qc2 {[%clk 0:31:19]} Rac8 {[%clk
0:25:44]} 25. b3 {[%clk 0:22:41]} Qg6 {[%clk 0:19:05]} 26. Qe2 {[%clk 0:19:50]}
Rce8 {[%clk 0:12:23]} 27. Nc1 {[%clk 0:15:11]} Ra8 {[%clk 0:10:17]} 28. Nd3
{[%clk 0:13:08]} Rfe8 {[%clk 0:09:17]} 29. f3 {[%clk 0:08:39]} Bf5 {[%clk
0:07:21]} 30. Nc1 {[%clk 0:08:25]} Qf7 {[%clk 0:07:10]} 31. Bf2 {[%clk
0:05:09]} b5 {[%clk 0:06:17]} 32. Nc5 {[%clk 0:05:02]} Ne7 {[%clk 0:04:42]} 33.
N5d3 {[%clk 0:02:49]} Ng6 {[%clk 0:04:47]} 34. Nb4 {[%clk 0:02:00]} Nf4 {[%clk
0:03:00]} 35. Qd2 {[%clk 0:01:39]} Red8 {[%clk 0:02:57]} 36. Ne2 {[%clk
0:01:13]} a5 {[%clk 0:01:51]} 37. Nc2 {[%clk 0:00:52]} Ng6 {[%clk 0:01:48]} 38.
Ng3 {[%clk 0:01:04]} Nf4 {[%clk 0:01:40]} 39. Nxf5 {[%clk 0:01:08]} Qxf5 {[%clk
0:02:08]} 40. Ne3 {[%clk 0:00:59]} Qg6 {[%clk 0:01:24]} 41. Bg3 {[%clk
0:26:57]} Bb6 {[%clk 0:28:09]} 42. Kh1 {[%clk 0:27:12]} d4 {[%clk 0:19:57]} 43.
cxd4 {[%clk 0:24:19]} exd4 {[%clk 0:15:21]} 44. Bxf4 {[%clk 0:21:27]} dxe3
{[%clk 0:15:45]} 45. Qe2 {[%clk 0:21:35]} Qe8 {[%clk 0:15:02]} 46. Rfe1 {[%clk
0:19:41]} Rac8 {[%clk 0:11:32]} 47. h3 {[%clk 0:17:36]} Rxd1 {[%clk 0:10:30]}
48. Rxd1 {[%clk 0:16:52]} Rc3 {[%clk 0:09:28]} 49. Kg1 {[%clk 0:15:08]} Qc8
{[%clk 0:05:40]} 50. Re1 {[%clk 0:12:05]} Qf5 {[%clk 0:04:46]} 51. Qb2 {[%clk
0:08:27]} e2+ {[%clk 0:03:40]} 52. Kh1 {[%clk 0:08:33]} Rc2 {[%clk 0:03:16]}
53. Qb1 {[%clk 0:08:21]} Qd3 {[%clk 0:03:14]} 54. Bg3 {[%clk 0:06:34]} Bd4
{[%clk 0:03:32]} 55. Kh2 {[%clk 0:06:08]} Qd2 {[%clk 0:02:39]} 56. a3 {[%clk
0:05:27]} Rb2 {[%clk 0:02:23]} 57. Qe4 {[%clk 0:04:45]} Qe3 {[%clk 0:02:06]}
58. Qd5+ {[%clk 0:04:17]} Kf8 {[%clk 0:02:22]} 59. Qxb5 {[%clk 0:04:07]} Rxb3
{[%clk 0:02:29]} 60. Qxe2 {[%clk 0:03:41]} Qxe2 {[%clk 0:02:48]} 61. Rxe2
{[%clk 0:04:05]} Kf7 {[%clk 0:02:58]} 62. Ra2 {[%clk 0:04:11]} a4 {[%clk
0:02:46]} 63. Bd6 {[%clk 0:03:58]} Ke6 {[%clk 0:03:14]} 64. Bb4 {[%clk
0:03:26]} Kd5 {[%clk 0:03:22]} 65. Kg3 {[%clk 0:02:44]} Rb2 {[%clk 0:02:09]}
66. Rxb2 {[%clk 0:02:37]} Bxb2 {[%clk 0:02:35]} 67. Kf2 {[%clk 0:02:40]} Kc4
{[%clk 0:03:04]} 68. Ke2 {[%clk 0:02:25]} Kb3 69. Kd3 Be5 {[%clk 0:03:16]} 70.
Bf8 {[%clk 0:02:39]} Bb2 {[%clk 0:02:36]} 71. g3 {[%clk 0:02:26]} Ba1 {[%clk
0:02:29]} 72. f4 {[%clk 0:02:16]} Bb2 {[%clk 0:02:47]} 73. g4 {[%clk 0:02:26]}
Ba1 {[%clk 0:03:13]} 74. f5 {[%clk 0:02:15]} Bf6 {[%clk 0:03:37]} 75. Bc5
{[%clk 0:02:02]} g6 {[%clk 0:02:59]} 76. fxg6 {[%clk 0:01:27]} hxg6 {[%clk
0:03:24]} 77. Ke4 {[%clk 0:00:47]} 1/2-1/2

[Event "DEM U14w 2020"]
[Site "Willingen GER"]
[Date "2020.10.22"]
[Round "4"]
[White "Bildat, Emilia"]
[Black "Zhou, Lepu Coco"]
[Result "1-0"]
[Termination "normal"]
[Board "1"]
[WhiteElo "1704"]
[BlackElo "1872"]
[WhiteClock "00:07:56"]
[BlackClock "00:55:27"]
[PlyCount "121"]
[WhiteFideId "16218140"]
[BlackFideId "16217136"]
[EventCountry "GER"]
[EventRounds "7"]
[EventType "swiss"]
[EventDate "2020.10.19"]

1. c4 {[%clk 1:30:56]} Nf6 {[%clk 1:30:55]} 2. g3 {[%clk 1:31:14]} c6 {[%clk
1:31:19]} 3. Bg2 {[%clk 1:31:31]} d5 {[%clk 1:31:41]} 4. Nf3 {[%clk 1:31:48]}
dxc4 {[%clk 1:32:03]} 5. Qc2 {[%clk 1:30:45]} Qd5 {[%clk 1:32:13]} 6. O-O
{[%clk 1:19:52]} g6 {[%clk 1:25:43]} 7. Na3 {[%clk 1:17:11]} b5 {[%clk
1:23:45]} 8. Nh4 {[%clk 1:11:50]} Qh5 {[%clk 1:23:17]} 9. d3 {[%clk 1:06:29]}
cxd3 {[%clk 1:18:32]} 10. exd3 {[%clk 1:05:54]} Nfd7 {[%clk 1:01:33]} 11. Bf3
{[%clk 0:51:22]} Qc5 {[%clk 1:01:50]} 12. Qxc5 {[%clk 0:50:02]} Nxc5 {[%clk
1:02:14]} 13. Nxb5 {[%clk 0:50:21]} Ne6 {[%clk 1:01:15]} 14. Be3 {[%clk
0:41:06]} a6 {[%clk 0:56:35]} 15. Na7 {[%clk 0:35:01]} Bd7 {[%clk 0:56:02]} 16.
Rac1 {[%clk 0:34:29]} Nd8 {[%clk 0:54:36]} 17. Bb6 {[%clk 0:34:09]} g5 {[%clk
0:54:13]} 18. Ng2 {[%clk 0:26:22]} g4 {[%clk 0:54:22]} 19. Bd1 {[%clk 0:26:25]}
Bg7 {[%clk 0:53:48]} 20. Ba4 {[%clk 0:22:34]} O-O {[%clk 0:49:04]} 21. Bxd8
{[%clk 0:20:36]} Rxd8 {[%clk 0:49:23]} 22. Nxc6 {[%clk 0:20:25]} Nxc6 {[%clk
0:48:27]} 23. Bxc6 {[%clk 0:20:47]} Bxc6 {[%clk 0:48:52]} 24. Rxc6 {[%clk
0:21:12]} Bxb2 {[%clk 0:49:00]} 25. Rc4 {[%clk 0:18:15]} Rd4 {[%clk 0:48:03]}
26. Ne3 {[%clk 0:16:58]} Rxc4 {[%clk 0:47:45]} 27. dxc4 {[%clk 0:16:48]} Rc8
{[%clk 0:47:40]} 28. Rd1 {[%clk 0:15:45]} f6 {[%clk 0:46:57]} 29. Kf1 {[%clk
0:12:43]} Kf7 {[%clk 0:46:26]} 30. Ke2 {[%clk 0:11:44]} Rc5 {[%clk 0:46:27]}
31. Rd2 {[%clk 0:10:46]} Bc1 {[%clk 0:46:37]} 32. Rc2 {[%clk 0:08:53]} Bxe3
{[%clk 0:46:14]} 33. Kxe3 {[%clk 0:08:12]} e5 {[%clk 0:46:26]} 34. Kd3 {[%clk
0:07:06]} f5 {[%clk 0:45:30]} 35. Kc3 {[%clk 0:05:15]} a5 {[%clk 0:45:06]} 36.
Rb2 {[%clk 0:04:58]} Ke6 {[%clk 0:34:34]} 37. Rb6+ {[%clk 0:04:41]} Kd7 {[%clk
0:34:11]} 38. Rh6 {[%clk 0:04:08]} Rc8 {[%clk 0:33:49]} 39. Rxh7+ {[%clk
0:04:24]} Kd6 {[%clk 0:34:10]} 40. h4 {[%clk 0:02:01]} Rg8 {[%clk 0:31:42]} 41.
Ra7 {[%clk 0:01:05]} f4 {[%clk 0:31:41]} 42. Rxa5 {[%clk 0:28:48]} Rf8 {[%clk
1:01:29]} 43. gxf4 {[%clk 0:27:35]} Rxf4 {[%clk 1:01:24]} 44. Rd5+ {[%clk
0:27:37]} Ke6 {[%clk 1:01:48]} 45. Rd2 {[%clk 0:25:44]} Rf3+ {[%clk 1:02:02]}
46. Kb4 {[%clk 0:15:51]} Rh3 {[%clk 1:02:18]} 47. c5 {[%clk 0:15:04]} Rxh4
{[%clk 1:02:36]} 48. Kb5 {[%clk 0:15:12]} Rh1 {[%clk 1:02:50]} 49. c6 {[%clk
0:12:24]} Rb1+ {[%clk 1:02:29]} 50. Ka6 {[%clk 0:12:04]} Rc1 {[%clk 1:02:10]}
51. Kb7 {[%clk 0:11:26]} Rb1+ {[%clk 1:02:29]} 52. Kc7 {[%clk 0:09:55]} Ke7
{[%clk 1:02:23]} 53. a4 {[%clk 0:08:28]} Ra1 {[%clk 1:00:31]} 54. Rb2 {[%clk
0:07:18]} Rxa4 {[%clk 1:00:29]} 55. Kb7 {[%clk 0:07:26]} Rc4 {[%clk 0:59:08]}
56. c7 {[%clk 0:07:40]} Kf6 {[%clk 0:59:00]} 57. c8=Q {[%clk 0:07:03]} Rxc8
{[%clk 0:59:24]} 58. Kxc8 {[%clk 0:07:29]} Kf5 {[%clk 0:59:45]} 59. Re2 {[%clk
0:07:38]} e4 {[%clk 0:55:17]} 60. Re3 {[%clk 0:07:47]} Ke5 {[%clk 0:55:27]} 61.
Kd7 {[%clk 0:07:56]} 1-0

[Event "DEM U14w 2020"]
[Site "Willingen GER"]
[Date "2020.10.22"]
[Round "4"]
[White "Wagner, Margarethe"]
[Black "Schulz, Hannah"]
[Result "1-0"]
[Termination "normal"]
[Board "6"]
[WhiteElo "1804"]
[BlackElo "1589"]
[WhiteClock "00:19:19"]
[BlackClock "00:41:48"]
[PlyCount "61"]
[WhiteFideId "16236947"]
[BlackFideId "16244745"]
[EventCountry "GER"]
[EventRounds "7"]
[EventType "swiss"]
[EventDate "2020.10.19"]

1. e4 {[%clk 1:30:59]} c5 {[%clk 1:30:49]} 2. Nf3 {[%clk 1:31:22]} Nc6 {[%clk
1:31:15]} 3. d4 {[%clk 1:31:44]} cxd4 {[%clk 1:31:42]} 4. Nxd4 {[%clk 1:32:07]}
g6 {[%clk 1:32:01]} 5. c4 {[%clk 1:32:30]} d6 {[%clk 1:32:25]} 6. Be2 {[%clk
1:32:38]} Nf6 {[%clk 1:32:36]} 7. Nc3 {[%clk 1:32:48]} Nxd4 {[%clk 1:32:40]} 8.
Qxd4 {[%clk 1:32:44]} Bg7 {[%clk 1:33:00]} 9. Be3 {[%clk 1:32:34]} O-O {[%clk
1:33:14]} 10. Qd2 {[%clk 1:32:31]} Be6 {[%clk 1:32:28]} 11. O-O {[%clk
1:30:07]} Qa5 {[%clk 1:31:50]} 12. f3 {[%clk 1:27:38]} Rfc8 {[%clk 1:31:09]}
13. b3 {[%clk 1:22:30]} a6 {[%clk 1:11:03]} 14. Rac1 {[%clk 1:17:50]} Bd7
{[%clk 1:08:51]} 15. f4 {[%clk 1:10:52]} Kf8 {[%clk 0:59:50]} 16. h3 {[%clk
1:01:29]} Bc6 {[%clk 0:57:56]} 17. Bd3 {[%clk 0:57:57]} b5 {[%clk 0:55:56]} 18.
e5 {[%clk 0:49:20]} dxe5 {[%clk 0:55:11]} 19. fxe5 {[%clk 0:48:47]} Nd7 {[%clk
0:53:22]} 20. Qf2 {[%clk 0:34:24]} Nxe5 {[%clk 0:50:12]} 21. Bd4 {[%clk
0:34:25]} Be8 {[%clk 0:49:46]} 22. Be4 {[%clk 0:31:40]} Nc6 {[%clk 0:47:45]}
23. Bxg7+ {[%clk 0:29:18]} Kxg7 {[%clk 0:47:55]} 24. Bd5 {[%clk 0:25:12]} f6
{[%clk 0:44:11]} 25. Ne4 {[%clk 0:22:30]} f5 {[%clk 0:42:16]} 26. Ng5 {[%clk
0:20:13]} Bd7 {[%clk 0:41:01]} 27. Qb2+ {[%clk 0:20:02]} e5 {[%clk 0:41:04]}
28. Bxc6 {[%clk 0:19:20]} Bxc6 {[%clk 0:41:16]} 29. Qxe5+ {[%clk 0:19:35]} Kf8
{[%clk 0:41:27]} 30. Qf6+ {[%clk 0:19:04]} Ke8 {[%clk 0:41:48]} 31. Qf7+ {[%clk
0:19:19]} 1-0

[Event "DEM U14w 2020"]
[Site "Willingen GER"]
[Date "2020.10.23"]
[Round "5"]
[White "Zhou, Lepu Coco"]
[Black "Sereda, Yaroslava"]
[Result "1-0"]
[Termination "normal"]
[Board "2"]
[WhiteElo "1872"]
[BlackElo "1756"]
[WhiteClock "01:02:38"]
[BlackClock "00:26:24"]
[PlyCount "97"]
[WhiteFideId "16217136"]
[BlackFideId "14178940"]
[EventCountry "GER"]
[EventRounds "7"]
[EventType "swiss"]
[EventDate "2020.10.19"]

1. e4 {[%clk 1:30:56]} c6 {[%clk 1:30:49]} 2. Nc3 {[%clk 1:31:09]} d5 {[%clk
1:31:08]} 3. Nf3 {[%clk 1:31:22]} Bg4 {[%clk 1:31:20]} 4. h3 {[%clk 1:31:27]}
Bxf3 {[%clk 1:31:32]} 5. Qxf3 {[%clk 1:31:45]} e6 {[%clk 1:31:45]} 6. exd5
{[%clk 1:31:49]} cxd5 {[%clk 1:31:58]} 7. d4 {[%clk 1:31:59]} Nc6 {[%clk
1:30:45]} 8. Be3 {[%clk 1:31:26]} Nf6 {[%clk 1:25:17]} 9. Bd3 {[%clk 1:27:09]}
a6 {[%clk 1:15:24]} 10. O-O {[%clk 1:12:06]} Nb4 {[%clk 1:07:15]} 11. Bf4
{[%clk 1:07:29]} Bd6 {[%clk 0:59:58]} 12. Bxd6 {[%clk 1:04:47]} Qxd6 {[%clk
1:00:09]} 13. a3 {[%clk 1:03:21]} Nxd3 {[%clk 0:58:33]} 14. Qxd3 {[%clk
1:03:39]} O-O {[%clk 0:57:08]} 15. Na4 {[%clk 1:02:16]} Ne4 {[%clk 0:54:41]}
16. c4 {[%clk 1:02:08]} Qc6 {[%clk 0:49:37]} 17. cxd5 {[%clk 0:58:58]} exd5
{[%clk 0:49:58]} 18. b3 {[%clk 0:59:12]} Rac8 {[%clk 0:43:36]} 19. f3 {[%clk
0:52:35]} b5 {[%clk 0:36:42]} 20. fxe4 {[%clk 0:51:14]} dxe4 {[%clk 0:34:35]}
21. Qe3 {[%clk 0:46:38]} bxa4 {[%clk 0:34:45]} 22. Rac1 {[%clk 0:46:38]} Qd5
{[%clk 0:17:53]} 23. b4 {[%clk 0:44:09]} f5 {[%clk 0:15:39]} 24. Rc5 {[%clk
0:43:29]} Rxc5 {[%clk 0:14:57]} 25. dxc5 {[%clk 0:42:08]} Rd8 {[%clk 0:07:37]}
26. Rc1 {[%clk 0:38:42]} Qb3 {[%clk 0:04:47]} 27. Qc3 {[%clk 0:30:52]} Rd1+
{[%clk 0:01:57]} 28. Kh2 {[%clk 0:31:06]} Qxc3 {[%clk 0:01:39]} 29. Rxc3 {[%clk
0:31:30]} Rd7 {[%clk 0:01:42]} 30. Kg3 {[%clk 0:31:39]} Kf7 {[%clk 0:01:49]}
31. Kf4 {[%clk 0:31:40]} Kf6 {[%clk 0:01:39]} 32. Ke3 {[%clk 0:30:14]} g5
{[%clk 0:00:43]} 33. c6 {[%clk 0:30:03]} Rc7 {[%clk 0:00:39]} 34. Kd4 {[%clk
0:30:19]} Ke6 {[%clk 0:00:58]} 35. Kc5 {[%clk 0:30:27]} f4 {[%clk 0:00:49]} 36.
Kb6 {[%clk 0:29:37]} Kd6 {[%clk 0:00:43]} 37. Rc1 {[%clk 0:29:57]} Re7 {[%clk
0:00:38]} 38. c7 {[%clk 0:29:58]} Re8 {[%clk 0:00:37]} 39. c8=Q {[%clk
0:30:15]} Rxc8 {[%clk 0:01:03]} 40. Rxc8 {[%clk 0:30:38]} e3 {[%clk 0:01:27]}
41. Re8 {[%clk 0:30:42]} h5 {[%clk 0:29:24]} 42. Kxa6 {[%clk 1:01:03]} g4
{[%clk 0:29:45]} 43. hxg4 {[%clk 1:00:58]} hxg4 {[%clk 0:30:11]} 44. b5 {[%clk
1:01:18]} Kd5 {[%clk 0:24:49]} 45. b6 {[%clk 1:01:37]} Kd4 {[%clk 0:25:12]} 46.
b7 {[%clk 1:01:52]} f3 {[%clk 0:25:35]} 47. gxf3 {[%clk 1:01:57]} gxf3 {[%clk
0:26:00]} 48. b8=Q {[%clk 1:02:16]} f2 {[%clk 0:26:24]} 49. Qb5 {[%clk
1:02:38]} 1-0

[Event "DEM U14w 2020"]
[Site "Willingen GER"]
[Date "2020.10.23"]
[Round "5"]
[White "Cordes, Jule"]
[Black "Wagner, Margarethe"]
[Result "0-1"]
[Termination "normal"]
[Board "4"]
[WhiteElo "1718"]
[BlackElo "1804"]
[WhiteClock "00:01:17"]
[BlackClock "00:11:23"]
[PlyCount "70"]
[WhiteFideId "1060708"]
[BlackFideId "16236947"]
[EventCountry "GER"]
[EventRounds "7"]
[EventType "swiss"]
[EventDate "2020.10.19"]

1. d4 {[%clk 1:30:57]} Nf6 {[%clk 1:30:55]} 2. c4 {[%clk 1:31:16]} g6 {[%clk
1:31:17]} 3. Nc3 {[%clk 1:31:24]} Bg7 {[%clk 1:31:40]} 4. Nf3 {[%clk 1:31:33]}
O-O {[%clk 1:31:50]} 5. Bg5 {[%clk 1:31:27]} d6 {[%clk 1:30:38]} 6. e3 {[%clk
1:31:02]} c5 {[%clk 1:27:40]} 7. d5 {[%clk 1:27:31]} h6 {[%clk 1:20:50]} 8. Bh4
{[%clk 1:20:49]} Qb6 {[%clk 1:19:16]} 9. Qc2 {[%clk 1:19:11]} e6 {[%clk
1:11:48]} 10. Be2 {[%clk 0:52:28]} e5 {[%clk 1:06:15]} 11. O-O {[%clk 0:39:25]}
Nh7 {[%clk 0:58:33]} 12. e4 {[%clk 0:37:29]} f5 {[%clk 0:53:08]} 13. exf5
{[%clk 0:36:03]} gxf5 {[%clk 0:52:23]} 14. Nd2 {[%clk 0:34:41]} Nd7 {[%clk
0:47:33]} 15. a3 {[%clk 0:33:12]} e4 {[%clk 0:43:34]} 16. Rab1 {[%clk 0:31:23]}
a6 {[%clk 0:42:54]} 17. b4 {[%clk 0:29:21]} cxb4 {[%clk 0:38:58]} 18. axb4
{[%clk 0:27:52]} Qd4 {[%clk 0:38:06]} 19. Na4 {[%clk 0:26:32]} Qe5 {[%clk
0:34:07]} 20. c5 {[%clk 0:24:03]} dxc5 {[%clk 0:31:44]} 21. bxc5 {[%clk
0:23:11]} b5 {[%clk 0:28:24]} 22. cxb6 {[%clk 0:22:05]} Bb7 {[%clk 0:27:05]}
23. Rfd1 {[%clk 0:12:56]} Rfc8 {[%clk 0:23:46]} 24. Qa2 {[%clk 0:11:55]} Kh8
{[%clk 0:21:44]} 25. Bc4 {[%clk 0:10:28]} Ng5 {[%clk 0:19:48]} 26. Nf1 {[%clk
0:09:02]} f4 {[%clk 0:19:08]} 27. d6 {[%clk 0:08:51]} e3 {[%clk 0:15:04]} 28.
fxe3 {[%clk 0:03:34]} fxe3 {[%clk 0:13:34]} 29. Bg3 {[%clk 0:02:52]} Qe4 {[%clk
0:11:40]} 30. Bd5 {[%clk 0:02:08]} Bxd5 {[%clk 0:11:50]} 31. Rxd5 {[%clk
0:01:01]} Rc2 {[%clk 0:11:48]} 32. Qxc2 {[%clk 0:00:33]} Qxc2 {[%clk 0:12:10]}
33. b7 {[%clk 0:00:35]} Rb8 {[%clk 0:12:01]} 34. Rb4 {[%clk 0:00:57]} e2 {[%clk
0:11:15]} 35. Ne3 {[%clk 0:01:17]} Qc1+ {[%clk 0:11:23]} 0-1

[Event "DEM U14w 2020"]
[Site "Willingen GER"]
[Date "2020.10.23"]
[Round "5"]
[White "Buchholz, Maja"]
[Black "Hubert, Charlotte"]
[Result "1/2-1/2"]
[Termination "normal"]
[Board "6"]
[WhiteElo "1628"]
[BlackElo "1438"]
[WhiteClock "00:04:06"]
[BlackClock "00:01:50"]
[PlyCount "132"]
[WhiteFideId "16200500"]
[BlackFideId "16265920"]
[EventCountry "GER"]
[EventRounds "7"]
[EventType "swiss"]
[EventDate "2020.10.19"]

1. g3 {[%clk 1:30:59]} c5 {[%clk 1:29:55]} 2. Bg2 {[%clk 1:31:19]} g6 {[%clk
1:29:54]} 3. Nf3 {[%clk 1:31:08]} Bg7 {[%clk 1:29:52]} 4. c4 {[%clk 1:30:42]}
Nc6 {[%clk 1:29:45]} 5. Nc3 {[%clk 1:30:55]} e6 {[%clk 1:29:57]} 6. Ne4 {[%clk
1:27:48]} d6 {[%clk 1:25:13]} 7. d3 {[%clk 1:27:10]} d5 {[%clk 1:18:23]} 8.
Ned2 {[%clk 1:21:05]} Nge7 {[%clk 1:15:53]} 9. Rb1 {[%clk 1:14:59]} O-O {[%clk
1:15:04]} 10. a3 {[%clk 1:12:24]} a5 {[%clk 1:13:41]} 11. b3 {[%clk 1:12:19]}
b6 {[%clk 1:08:25]} 12. h4 {[%clk 1:06:55]} h6 {[%clk 1:02:33]} 13. Bb2 {[%clk
1:06:17]} d4 {[%clk 0:53:31]} 14. O-O {[%clk 1:00:57]} Bb7 {[%clk 0:51:17]} 15.
Ne1 {[%clk 0:56:05]} Qc7 {[%clk 0:47:01]} 16. Ndf3 {[%clk 0:55:44]} e5 {[%clk
0:44:08]} 17. Nc2 {[%clk 0:51:05]} f5 {[%clk 0:37:53]} 18. Nd2 {[%clk 0:45:14]}
g5 {[%clk 0:29:59]} 19. hxg5 {[%clk 0:40:16]} hxg5 {[%clk 0:30:10]} 20. e3
{[%clk 0:40:30]} Nd8 {[%clk 0:23:15]} 21. exd4 {[%clk 0:35:48]} cxd4 {[%clk
0:22:16]} 22. b4 {[%clk 0:35:18]} a4 {[%clk 0:20:43]} 23. Bxb7 {[%clk 0:24:00]}
Nxb7 {[%clk 0:19:49]} 24. Kg2 {[%clk 0:23:47]} g4 {[%clk 0:18:35]} 25. Rh1
{[%clk 0:22:39]} Qc6+ {[%clk 0:18:22]} 26. f3 {[%clk 0:22:18]} Rad8 {[%clk
0:15:43]} 27. Qe2 {[%clk 0:21:14]} Ng6 {[%clk 0:09:45]} 28. Rbf1 {[%clk
0:15:36]} Rde8 {[%clk 0:06:28]} 29. Ne1 {[%clk 0:11:21]} gxf3+ {[%clk 0:04:28]}
30. Qxf3 {[%clk 0:06:31]} e4 {[%clk 0:03:58]} 31. Qh5 {[%clk 0:06:21]} exd3+
{[%clk 0:03:07]} 32. Qf3 {[%clk 0:04:39]} Re2+ {[%clk 0:02:40]} 33. Rf2 {[%clk
0:04:45]} Qxf3+ {[%clk 0:02:24]} 34. Nexf3 {[%clk 0:04:40]} Rd8 {[%clk
0:01:43]} 35. Re1 {[%clk 0:04:17]} Re3 {[%clk 0:01:11]} 36. Nf1 {[%clk
0:03:23]} Rxe1 {[%clk 0:01:35]} 37. Nxe1 {[%clk 0:03:49]} Rc8 {[%clk 0:01:23]}
38. Nxd3 {[%clk 0:02:41]} Rxc4 {[%clk 0:01:34]} 39. Rxf5 {[%clk 0:02:52]} Rc2+
{[%clk 0:01:46]} 40. Rf2 {[%clk 0:03:16]} Rxf2+ {[%clk 0:01:35]} 41. Kxf2
{[%clk 0:02:40]} Nd6 {[%clk 0:26:16]} 42. Nd2 {[%clk 0:32:50]} Ne7 {[%clk
0:23:40]} 43. Nf4 {[%clk 0:25:28]} Kf7 {[%clk 0:16:34]} 44. g4 {[%clk 0:24:27]}
b5 {[%clk 0:12:54]} 45. Nh5 {[%clk 0:18:30]} Bh8 {[%clk 0:11:04]} 46. Bc1
{[%clk 0:16:43]} Nd5 {[%clk 0:08:54]} 47. Ke2 {[%clk 0:16:20]} Ke6 {[%clk
0:07:15]} 48. Kd3 {[%clk 0:16:03]} Ne3 {[%clk 0:05:13]} 49. Nf4+ {[%clk
0:12:59]} Kf7 {[%clk 0:03:53]} 50. Nf3 {[%clk 0:10:56]} Nxg4 {[%clk 0:03:22]}
51. Nxd4 {[%clk 0:10:49]} Nf2+ {[%clk 0:02:21]} 52. Ke3 {[%clk 0:10:24]} Nc4+
{[%clk 0:02:29]} 53. Kxf2 {[%clk 0:10:43]} Bxd4+ {[%clk 0:02:53]} 54. Ke2
{[%clk 0:09:58]} Bb2 {[%clk 0:02:10]} 55. Kd1 {[%clk 0:08:30]} Bxc1 {[%clk
0:02:12]} 56. Kxc1 {[%clk 0:08:56]} Nxa3 {[%clk 0:02:34]} 57. Ne2 {[%clk
0:07:24]} Ke6 {[%clk 0:02:33]} 58. Kb2 {[%clk 0:07:27]} Nc4+ {[%clk 0:02:56]}
59. Kc3 {[%clk 0:06:10]} Ke5 {[%clk 0:02:46]} 60. Kc2 {[%clk 0:05:00]} Kd5
{[%clk 0:02:20]} 61. Nc3+ {[%clk 0:04:19]} Kc6 {[%clk 0:02:44]} 62. Ne2 {[%clk
0:04:38]} Nb6 {[%clk 0:02:32]} 63. Nd4+ {[%clk 0:04:55]} Kd5 {[%clk 0:02:48]}
64. Kd3 {[%clk 0:04:03]} Nc4 {[%clk 0:02:01]} 65. Nxb5 {[%clk 0:04:06]} Nb2+
{[%clk 0:01:50]} 66. Ke4+ Ke5+ 1/2-1/2

[Event "DEM U12 2020"]
[Site "Willingen GER"]
[Date "2020.10.27"]
[Round "1"]
[White "Chugunov, Ivan"]
[Black "Payyappat, Sreyas"]
[Result "1/2-1/2"]
[Termination "normal"]
[Board "1"]
[WhiteElo "1552"]
[BlackElo "2144"]
[WhiteClock "00:59:49"]
[BlackClock "00:11:04"]
[PlyCount "61"]
[WhiteFideId "16256808"]
[BlackFideId "46674969"]
[EventCountry "GER"]
[EventRounds "7"]
[EventType "swiss"]
[EventDate "2020.10.26"]

1. e4 {[%clk 1:30:53]} e5 {[%clk 1:30:50]} 2. Nf3 {[%clk 1:31:13]} Nc6 {[%clk
1:31:11]} 3. Bc4 {[%clk 1:31:35]} Bc5 {[%clk 1:31:33]} 4. c3 {[%clk 1:31:59]}
Nf6 {[%clk 1:31:27]} 5. d3 {[%clk 1:32:11]} d5 {[%clk 1:30:15]} 6. exd5 {[%clk
1:31:53]} Nxd5 {[%clk 1:30:31]} 7. O-O {[%clk 1:31:19]} O-O {[%clk 1:29:04]} 8.
Re1 {[%clk 1:30:52]} Be6 {[%clk 1:28:56]} 9. Bb3 {[%clk 1:30:32]} Bb6 {[%clk
1:25:11]} 10. Bc2 {[%clk 1:25:43]} Re8 {[%clk 1:06:41]} 11. Nbd2 {[%clk
1:19:50]} Nf4 {[%clk 0:55:12]} 12. Nf1 {[%clk 1:18:51]} Qf6 {[%clk 0:47:39]}
13. Ng3 {[%clk 1:17:57]} Bg4 {[%clk 0:43:28]} 14. Bxf4 {[%clk 1:12:11]} Qxf4
{[%clk 0:41:03]} 15. Re4 {[%clk 1:10:51]} Bxf3 {[%clk 0:41:23]} 16. Qxf3 {[%clk
1:10:58]} Qxf3 {[%clk 0:39:26]} 17. gxf3 {[%clk 1:11:15]} g6 {[%clk 0:38:58]}
18. Rae1 {[%clk 1:10:40]} f5 {[%clk 0:35:55]} 19. R4e2 {[%clk 1:09:49]} Red8
{[%clk 0:35:35]} 20. Nf1 {[%clk 1:08:01]} a5 {[%clk 0:29:37]} 21. a4 {[%clk
1:07:45]} Bc5 {[%clk 0:26:06]} 22. Nd2 {[%clk 1:05:57]} Be7 {[%clk 0:24:44]}
23. f4 {[%clk 1:03:48]} exf4 {[%clk 0:16:47]} 24. Rxe7 {[%clk 1:03:43]} Nxe7
{[%clk 0:17:02]} 25. Rxe7 {[%clk 1:04:06]} Rac8 {[%clk 0:15:11]} 26. Bb3+
{[%clk 1:03:08]} Kh8 {[%clk 0:12:39]} 27. d4 {[%clk 1:01:53]} Re8 {[%clk
0:11:19]} 28. Rxe8+ {[%clk 1:01:06]} Rxe8 {[%clk 0:11:46]} 29. Kf1 {[%clk
1:01:10]} Kg7 {[%clk 0:11:26]} 30. Bd5 {[%clk 1:00:35]} b6 {[%clk 0:11:04]} 31.
Bc6 {[%clk 0:59:49]} 1/2-1/2